000 00365nam a2200157Ia 4500
008 151213s9999 xx 000 0 und d
100 _aHal R. Varian
245 _aintermediate economics
_cHal R. Varian
250 _a5th
260 _aDelhi
_bIrwin
300 _a1092 p.
650 _aEconomics
650 _aEconomics
700 _aHal R. Varian
999 _c1030
_d1030